Szybkie myślenie - Geografia - Statystyki

Ogólne statystyki
  • Ten quiz został rozwiązany 264 razy
  • Średni wynik to 4 z 11
Statystyki odpowiedzi
Zagadnienie Odpowiedź % Poprawnych
Które ze zdięć pochodzi z Jordanii ?
75%
Z którym z tych państw nie graniczą chiny ? Bangladesz
63%
Na którym z kontynentów znajduje się najwięcej państw ? Afryka
56%
Z którego z tych miast jest w linii prostej najbliżej do pustyni błędowskiej ? Kraków
44%
Które państwo jest najmniejsze ? Monako
44%
Jak daleko jest z pyongyangu do seulu ? 200km
38%
Po pijaku założyłeś się z kolegami że przepłyniesz w pław zatokę gdańską z Helu do Gdyni. Ile musisz przepłynąć ? 18km
31%
Które z tych miast to prawdziwa stolica Mali ? Bamako
25%
Który kraj znajduje się bliżej polski ? RPA
25%
W którym z tych państw znajduje się pustynia ? jemen
19%
Lecisz samolotem z Warszawy do Pekinu, po drodze samolot rozbija się nie zbaczając jednocześnie z kursu. W jakim kraju na pewno się nie znajdujesz ? Kazachstan
19%
Nie znaleziono quizów pasujących do podanych kryteriów
Rozkład punktacji
Procent ludzi z każdym wynikiem
Percentyl według liczby udzielonych odpowiedzi
Twoja historia wyników
Nie rozwiązałeś tego quizu